000 002980000a22000970004500
100 1 _aMaust, John
245 1 0 _aLove letter to Latin America : This letter could become your own
300 _aVol. 74, Num.4 (Octubre-Diciembre, 1994), Páginas 11-12
773 0 _tLatin America Evangelist
942 _cANA
999 _c54876
_d54876